| 000 -LEADER |
| fixed length control field |
01359 a2200289 4500 |
| 003 - CONTROL NUMBER IDENTIFIER |
| control field |
NUST |
| 005 - DATE AND TIME OF LATEST TRANSACTION |
| control field |
20230812094326.0 |
| 010 ## - LIBRARY OF CONGRESS CONTROL NUMBER |
| LC control number |
2007043490 |
| 020 ## - INTERNATIONAL STANDARD BOOK NUMBER |
| International Standard Book Number |
0-07-126328-4 (International ed. : pbk.) |
| 020 ## - INTERNATIONAL STANDARD BOOK NUMBER |
| International Standard Book Number |
978-0-07-126328-3 (International ed. : pbk.) |
| 035 ## - SYSTEM CONTROL NUMBER |
| System control number |
(OCoLC)ocn176648981 |
| 040 ## - CATALOGING SOURCE |
| Transcribing agency |
Nust |
| 082 00 - DEWEY DECIMAL CLASSIFICATION NUMBER |
| Classification number |
515.9,BRO |
| 100 1# - MAIN ENTRY--PERSONAL NAME |
| Personal name |
Brown, James Ward |
| 9 (RLIN) |
8852 |
| 245 10 - TITLE STATEMENT |
| Title |
Complex variables and applications / |
| Statement of responsibility, etc. |
James Ward Brown, Ruel V. Churchill. |
| 250 ## - EDITION STATEMENT |
| Edition statement |
8th ed. |
| 260 ## - PUBLICATION, DISTRIBUTION, ETC. |
| Place of publication, distribution, etc. |
Boston : |
| Name of publisher, distributor, etc. |
McGraw-Hill Higher Education, |
| Date of publication, distribution, etc. |
c2009. |
| 300 ## - PHYSICAL DESCRIPTION |
| Extent |
xi, 468 p. : |
| Other physical details |
ill. ; |
| Dimensions |
25 cm. |
| 490 1# - SERIES STATEMENT |
| Series statement |
Brown and Churchill series |
| 505 0# - FORMATTED CONTENTS NOTE |
| Formatted contents note |
Complex Numbers (Page-1), Analysis Function (Page-35), Elementary Function (Page-89), Integral (Page-117), Series (Page-181), Residues and Poles (Page-229), Application of Residues (Page-261), Mapping by Elementary Function (Page-311), Conformal Mapping (Page-355), Application of Conformal Mapping (Page-373), The Schwarz Christoffel Transformation (Page-403), Integral Formulas of the Poisson Type (Page-429). |
| 650 #0 - SUBJECT ADDED ENTRY--TOPICAL TERM |
| Topical term or geographic name entry element |
Functions of complex variables. |
| 650 #0 - SUBJECT ADDED ENTRY--TOPICAL TERM |
| Topical term or geographic name entry element |
Funktionentheorie. |
| 9 (RLIN) |
113880 |
| 650 #0 - SUBJECT ADDED ENTRY--TOPICAL TERM |
| Topical term or geographic name entry element |
Funktioner av komplexa variabler |
| 9 (RLIN) |
113881 |
| 700 1# - ADDED ENTRY--PERSONAL NAME |
| Personal name |
Churchill, Ruel V. |
| Dates associated with a name |
1899-1987. |
| 9 (RLIN) |
103080 |
| 830 #0 - SERIES ADDED ENTRY--UNIFORM TITLE |
| Uniform title |
Brown and Churchill series. |
| 9 (RLIN) |
113882 |
| 942 ## - ADDED ENTRY ELEMENTS (KOHA) |
| Source of classification or shelving scheme |
|
| Koha item type |
Book |
| Call number prefix |
515.9,BRO |